00718nam a2200169 a 4500003000200000005001700002008004100019050002900060100002900089245008300118260009100201300002400292504004100316650007300357650008500430650003300515020250324112851.0071121s19uu xx 00 eng d aPHS LB 1050.5b.B47 2007 aBiag, Kyrene Dennise T. aReading habits and academic achievement of students /cKyrene Dennise T. Biag. aLas Piñas City, Philippines :bSouthville International School and Colleges ,c2007. a35 pages ;c28 cm.  aIncludes bibliographical references. 2Library of Congress Subject HeadingaReadingxPsychological aspects. 2Library of Congress Subject HeadingaAcademic achievementxInfluence of reading. aStudentsxBooks and reading.